Disha's objective physics for IIT / AIEEE and other entrance exams / (Record no. 152537)

MARC details
000 -LEADER
fixed length control field 00843nam a22002417a 4500
008 - FIXED-LENGTH DATA ELEMENTS--GENERAL INFORMATION
fixed length control field 180605b xxu||||| |||| 00| 0 eng d
010 ## - LCCN (DPL NO)
LC control number B-120527
020 ## - INTERNATIONAL STANDARD BOOK NUMBER
Terms of availability 300.00
035 ## - SYSTEM CONTROL NUMBER
System control number B-120527
035 ## - SYSTEM CONTROL NUMBER
System control number B-120527
037 ## - SOURCE OF ACQUISITION
Source of stock number/acquisition BPPD/PUB
040 ## - CATALOGING SOURCE
Original cataloging agency dpl
Language of cataloging English
082 ## - DEWEY DECIMAL CLASSIFICATION NUMBER
Classification number 530
100 ## - MAIN ENTRY--PERSONAL NAME
Personal name Agarwal, D.K.
245 ## - TITLE STATEMENT
Title Disha's objective physics for IIT / AIEEE and other entrance exams /
Statement of responsibility, etc by D.K. Agarwal [and] Sunil Batra
250 ## - EDITION STATEMENT
Edition statement 3rd ed.
260 ## - PUBLICATION, DISTRIBUTION, ETC. (IMPRINT)
Place of publication, distribution, etc New Delhi
Name of publisher, distributor, etc Disha Publications
Date of publication, distribution, etc 2005
300 ## - PHYSICAL DESCRIPTION
Extent v. 672p.
Dimensions 25cm (pbk)
300 ## - PHYSICAL DESCRIPTION
Extent Various pagings
Dimensions 25cm (pbk)
700 ## - ADDED ENTRY--PERSONAL NAME
Personal name Batra, Sunil
942 ## - ADDED ENTRY ELEMENTS (KOHA)
Institution code [OBSOLETE] dpl
Item type English Books
Source of classification or shelving scheme Dewey Decimal Classification
Classification part 530
Call number suffix AGA
Holdings
Withdrawn status Lost status Source of classification or shelving scheme Damaged status Not for loan Collection code Home library Current library Date acquired Source of acquisition Cost, normal purchase price Total Checkouts Total Renewals Full call number Barcode Date last seen Cost, replacement price Koha item type
    Dewey Decimal Classification     Non-fiction Shahdara Branch Shahdara Branch 05/06/2018 BPPD/PUB 300.00 1 1 530 AGA B-120527 28/12/2018 300.00 English Books

© Delhi Public Library
Hit Counter
free hit counter